LEADER 01020nam0-22003011i-450- 001 990005520800403321 005 20070130111916.0 035 $a000552080 035 $aFED01000552080 035 $a(Aleph)000552080FED01 035 $a000552080 100 $a19990604d1949----km-y0itay50------ba 101 0 $aita 105 $af-------00--- 200 1 $aBiblioteca dei frati minori Cappuccini della provincia di Bologna (1535-1946)$fP. Donato da S. Giovanni in Persiceto 210 $aBudrio$cMontanari Fratelli$d1949 215 $a474 p., 18 tav.$d32 cm 225 1 $aIllustrazioni romagnole$v9 610 0 $aCappuccini$aBologna $aBiblioteca 676 $a271.36$v21$zita 700 0$aDonato da San Giovanni in Persiceto$0290259 801 0$aIT$bUNINA$gRICA$2UNIMARC 901 $aBK 912 $a990005520800403321 952 $a271.36 BIB 2$bST.MED.MOD. 5990$fFLFBC 959 $aFLFBC 996 $aBiblioteca dei frati minori Cappuccini della provincia di Bologna (1535-1946$9609763 997 $aUNINA LEADER 01381nam0 22002891i 450 001 UON00076670 005 20231205102413.605 100 $a20020107d1961 |0itac50 ba 101 $afre 102 $aFR 105 $a|||| ||||| 200 1 $aˆL'‰infinitif sémitique$eContribution à l'étude des formes et des fonctions des noms d'action et des infinitifs sémitiques$fpar J. M. Solà-Solé 210 $aParis$cLibrairie ancienne Honoré Champion$d1961 215 $axxvii, 207 p.$d26 cm 316 $a*Data e prezzo inesatti$5IT-UONSI ETIIC b/029* 410 1$1001UON00066447$12001 $aBibliotheque de l'Ecole Pratique des Hautes Etudes. Sciences philologiques et historiques$fpubliee sous les auspices du Ministere de l'Instruction Publique$v315 606 $aLINGUE SEMITICHE$xLessico$3UONC022248$2FI 620 $aFR$dParis$3UONL002984 676 $a492$cLingue camito semitiche / Lingue semitiche$v21 700 1$aSOLA-SOLE$bJosep M.$3UONV027407$0395874 712 $aChampion$3UONV248947$4650 801 $aIT$bSOL$c20250620$gRICA 899 $aSIBA - SISTEMA BIBLIOTECARIO DI ATENEO$2UONSI 912 $aUON00076670 950 $aSIBA - SISTEMA BIBLIOTECARIO DI ATENEO$dSI II C b 029* $eSI MR 78585 5 029* *Data e prezzo inesatti 996 $aInfinitif sémitique$91163208 997 $aUNIOR LEADER 02802nam 2200709 a 450 001 9910958452803321 005 20251116175333.0 010 $a1-134-36837-2 010 $a0-415-31820-3 010 $a1-134-36838-0 010 $a1-280-07641-0 010 $a0-203-59848-2 035 $a(CKB)1000000000249077 035 $a(EBL)200419 035 $a(OCoLC)475910244 035 $a(SSID)ssj0000293544 035 $a(PQKBManifestationID)11222924 035 $a(PQKBTitleCode)TC0000293544 035 $a(PQKBWorkID)10302520 035 $a(PQKB)11424658 035 $a(MiAaPQ)EBC200419 035 $a(Au-PeEL)EBL200419 035 $a(CaPaEBR)ebr10100001 035 $a(CaONFJC)MIL7641 035 $a(EXLCZ)991000000000249077 100 $a20030804d2004 uy 0 101 0 $aeng 135 $aur|n|---||||| 181 $ctxt 182 $cc 183 $acr 200 10$aDecolonization /$fRaymond F. Betts 205 $a2nd ed. 210 $aNew York $cRoutledge$d2004 215 $a1 online resource (139 p.) 225 1 $aThe making of the contemporary world 300 $aDescription based upon print version of record. 311 08$a0-203-68440-0 311 08$a0-415-31821-1 320 $aIncludes bibliographical references (p. [120]-125) and index. 327 $a1. Empire in the afternoon: the interwar years -- 2. The sea change of empire: the effects of World War II -- 3. Instability and uncertainty: the postwar situation -- 4. Pronouncements, denunciation, and the search for ideology: international public opinion and decolonization -- 5. Countryside and city: the two landscapes of decolonization -- 6. 'Gotta be this or that': the problems of independence -- 7. Outside in: colonial migration -- 8. Land and language: concerns over the perceived continuing European presence -- 9. In the wake of the past -- 10. Beyond empire: current issues and conditions in the study of imperialism and decolonization. 330 $aA second, fully updated edition of this concise introduction to the phenomenon of decolonization. 410 0$aMaking of the contemporary world. 606 $aDecolonization$xHistory 606 $aImperialism$xHistory$y20th century 606 $aWorld politics$y1945-1989 606 $aWorld War, 1914-1918$xInfluence 606 $aWorld War, 1939-1945$xInfluence 615 0$aDecolonization$xHistory. 615 0$aImperialism$xHistory 615 0$aWorld politics 615 0$aWorld War, 1914-1918$xInfluence. 615 0$aWorld War, 1939-1945$xInfluence. 676 $a325/.3/09045 700 $aBetts$b Raymond F$0242939 801 0$bMiAaPQ 801 1$bMiAaPQ 801 2$bMiAaPQ 906 $aBOOK 912 $a9910958452803321 996 $aDecolonization$916193 997 $aUNINA